<?xml version="1.0" encoding="UTF-8"?>
<collection xmlns="http://www.loc.gov/MARC21/slim">
<record>
  <controlfield tag="000">01693cam\a2200301\a\4500</controlfield>
  <controlfield tag="001">59725</controlfield>
  <controlfield tag="005">20251216145715.0</controlfield>
  <controlfield tag="008">930317s1813\\\\ctuc\\\\\\\\\\000\0\eng\d</controlfield>
  <datafield tag="035" ind1=" " ind2=" ">
    <subfield code="9">DCFG93-B8157</subfield>
  </datafield>
  <datafield tag="035" ind1=" " ind2=" ">
    <subfield code="a">59725</subfield>
  </datafield>
  <datafield tag="040" ind1=" " ind2=" ">
    <subfield code="a">NAlU</subfield>
    <subfield code="c">NAlU</subfield>
    <subfield code="d">DFo</subfield>
    <subfield code="d">UtOrBLW</subfield>
  </datafield>
  <datafield tag="100" ind1="1" ind2=" ">
    <subfield code="a">Cooke, Increase,</subfield>
    <subfield code="d">1773-1814,</subfield>
    <subfield code="0">n  85251899,</subfield>
    <subfield code="e">author.</subfield>
  </datafield>
  <datafield tag="245" ind1="1" ind2="0">
    <subfield code="a">Sequel to the American orator, or, Dialogues for schools :</subfield>
    <subfield code="b">to which are prefixed Elements of elocution /</subfield>
    <subfield code="c">by Increase Cooke.</subfield>
  </datafield>
  <datafield tag="246" ind1="3" ind2="0">
    <subfield code="a">Dialogues for schools</subfield>
  </datafield>
  <datafield tag="260" ind1=" " ind2=" ">
    <subfield code="a">New Haven [Conn.] :</subfield>
    <subfield code="b">Increase Cooke,</subfield>
    <subfield code="c">1813</subfield>
    <subfield code="e">([New Haven] :</subfield>
    <subfield code="f">Sidney's Press)</subfield>
  </datafield>
  <datafield tag="300" ind1=" " ind2=" ">
    <subfield code="a">408 p., [1] leaf of plates :</subfield>
    <subfield code="b">port. ;</subfield>
    <subfield code="c">19 cm</subfield>
  </datafield>
  <datafield tag="336" ind1=" " ind2=" ">
    <subfield code="a">text</subfield>
    <subfield code="b">txt</subfield>
    <subfield code="2">rdacontent</subfield>
  </datafield>
  <datafield tag="337" ind1=" " ind2=" ">
    <subfield code="a">unmediated</subfield>
    <subfield code="b">n</subfield>
    <subfield code="2">rdamedia</subfield>
  </datafield>
  <datafield tag="530" ind1=" " ind2=" ">
    <subfield code="a">Portions also available as a digital reproduction.</subfield>
  </datafield>
  <datafield tag="583" ind1="0" ind2=" ">
    <subfield code="a">revised</subfield>
    <subfield code="c">2015-09</subfield>
    <subfield code="k">ACK</subfield>
    <subfield code="n">1</subfield>
    <subfield code="o">piece</subfield>
    <subfield code="x">Vault transfer</subfield>
    <subfield code="2">local</subfield>
    <subfield code="5">DFo</subfield>
  </datafield>
  <datafield tag="583" ind1="0" ind2=" ">
    <subfield code="a">revised</subfield>
    <subfield code="c">2022-07</subfield>
    <subfield code="k">EEW</subfield>
    <subfield code="n">1</subfield>
    <subfield code="o">link</subfield>
    <subfield code="x">Luna</subfield>
    <subfield code="2">local</subfield>
    <subfield code="5">DFo</subfield>
  </datafield>
  <datafield tag="583" ind1="0" ind2=" ">
    <subfield code="a">revised</subfield>
    <subfield code="c">2025-12-16</subfield>
    <subfield code="k">DJL</subfield>
    <subfield code="x">clean-up</subfield>
    <subfield code="2">local</subfield>
    <subfield code="5">DFo</subfield>
  </datafield>
  <datafield tag="585" ind1=" " ind2=" ">
    <subfield code="a">Washington, D.C., Folger Shakespeare Library, 2007. Shakespeare in American Life (catalog entry 66). Opening: title page.</subfield>
    <subfield code="5">DFo</subfield>
  </datafield>
  <datafield tag="585" ind1=" " ind2=" ">
    <subfield code="a">Washington, D.C., Folger Shakespeare Library, 2016. America's Shakespeare. Opening: title page.</subfield>
    <subfield code="5">DFo</subfield>
  </datafield>
  <datafield tag="650" ind1=" " ind2="0">
    <subfield code="a">Recitations.</subfield>
    <subfield code="0">sh 85111830</subfield>
  </datafield>
  <datafield tag="650" ind1=" " ind2="0">
    <subfield code="a">Oratory.</subfield>
    <subfield code="0">sh 85095299</subfield>
  </datafield>
  <datafield tag="650" ind1=" " ind2="0">
    <subfield code="a">Speeches, addresses, etc.</subfield>
    <subfield code="0">sh 85126460</subfield>
  </datafield>
  <datafield tag="700" ind1="1" ind2=" ">
    <subfield code="a">Cooke, Increase,</subfield>
    <subfield code="d">1773-1814.</subfield>
    <subfield code="0">n  85251899.</subfield>
    <subfield code="t">American orator.</subfield>
  </datafield>
  <datafield tag="752" ind1=" " ind2=" ">
    <subfield code="a">United States</subfield>
    <subfield code="b">Connecticut</subfield>
    <subfield code="d">New Haven.</subfield>
    <subfield code="2">naf</subfield>
  </datafield>
  <datafield tag="852" ind1="0" ind2=" ">
    <subfield code="a">US-DFo</subfield>
    <subfield code="b">DeckC-Rare</subfield>
    <subfield code="h">PN4201</subfield>
    <subfield code="i">.C71 1813 Cage</subfield>
    <subfield code="7">61156</subfield>
    <subfield code="j">cs1748</subfield>
  </datafield>
  <datafield tag="856" ind1="4" ind2="1">
    <subfield code="u">https://digitalcollections.folger.edu/bib59725-61156</subfield>
    <subfield code="z">Digital image(s) of Folger Shakespeare Library PN4201 .C71 1813 Cage</subfield>
  </datafield>
  <datafield tag="901" ind1=" " ind2=" ">
    <subfield code="a">RECON</subfield>
  </datafield>
  <datafield tag="909" ind1="C" ind2="O">
    <subfield code="o">oai:catalog.folger.edu:59725</subfield>
    <subfield code="p">GLOBAL_SET</subfield>
  </datafield>
  <datafield tag="980" ind1=" " ind2=" ">
    <subfield code="a">BIB</subfield>
  </datafield>
  <datafield tag="983" ind1=" " ind2=" ">
    <subfield code="a">Vault</subfield>
  </datafield>
  <datafield tag="983" ind1=" " ind2=" ">
    <subfield code="a">Online</subfield>
  </datafield>
  <datafield tag="998" ind1=" " ind2=" ">
    <subfield code="a">03/17/93</subfield>
    <subfield code="t">c</subfield>
    <subfield code="s">9114</subfield>
    <subfield code="n">DFo</subfield>
    <subfield code="w">CSUG85B110806</subfield>
    <subfield code="d">03/17/93</subfield>
    <subfield code="b">MT</subfield>
    <subfield code="l">DCFG</subfield>
  </datafield>
</record>
</collection>